| 000 | 00625nam a2200229 a 4500 | ||
|---|---|---|---|
| 999 |
_c4397 _d4397 |
||
| 001 | 4397 | ||
| 003 | BD-JhCC | ||
| 005 | 20180325165413.0 | ||
| 008 | 171126s1966 pk a|||| |||| 000 0 eng d | ||
| 035 | _a(BD-JhCC)4397 | ||
| 040 |
_aBD-JhCC _dBD-JhCC |
||
| 041 | _aeng | ||
| 082 |
_a822.33 _bDRI 1966 |
||
| 100 | _aDrinkwater, John | ||
| 245 |
_aAbraham Lincoln / _cJohn Drinkwater, Ronald Seth [Retold] |
||
| 260 |
_aKarachi : _bOxford University Press ; Pakistan Branch, _c1966. |
||
| 300 |
_axiii, 68 p. : _bill., _c18 cm. |
||
| 650 | _aHistorical Drama | ||
| 700 | _aSeth, Ronald | ||
| 942 |
_2ddc _cBK |
||